| 000 | 00757nam a22002537a 4500 | ||
|---|---|---|---|
| 008 | 130429b xxu||||| |||| 00| 0 eng d | ||
| 020 | _a9971-51-321-8 | ||
| 024 | _cAvailable | ||
| 037 | _cAvailable | ||
| 040 |
_aMBSTU LIBRARY _dMBSTU LIBRARY |
||
| 082 |
_222 _a658.05 TUI |
||
| 100 | _aTurban , Efraim. | ||
| 110 | _aR.Kelly Rainer and Richard E. Potter. | ||
| 245 | _aIntroduction to information technology | ||
| 260 |
_aNew York _bJohn Wiley and Sons. _c2000 |
||
| 300 |
_a26 cm. _b550 page _f8 _g26 cm. |
||
| 600 | _aInformation technology | ||
| 650 | _2Information technology | ||
| 700 | _aTurban , Efraim. | ||
| 270 |
_aNew York _bNew York _dUSA |
||
| 365 |
_b4400.00 _d4400.00 |
||
| 942 |
_2ddc _cBK |
||
| 999 |
_c271 _d271 |
||